000 00526nam a2200169Ia 4500
008 210719s1993 xx 000 0 und d
020 _a0070125392
041 _aeng
082 _a658.15 COOT
100 _aCOOKE (Robert A)
245 _aThirty six hour course in finance for nonfinancial managers
260 _aNew York.
_bMcGraw-Hill, Inc.,
_c1993
300 _axvii,266,11
_bHB
365 _cRs
650 _aFinancial Management
906 _acourse ; finance ; for ; hour ; in ; managers ; nonfinancial ; six ; Thirty
999 _c213619
_d213619